[Event "BEL-ch U20"]
[Site "Blankenberge"]
[Date "2014.04.16"]
[Round "5"]
[White "Cuvelier, Annelies"]
[Black "De Bode, Joren"]
[Result "1-0"]
[WhiteElo "1610"]
[BlackElo "1592"]
[PlyCount "53"]
[EventDate "2014.04.??"]
[EventType "swiss"]
[EventRounds "9"]
[EventCountry "BEL"]
[SourceTitle "EXT 2015"]
[Source "ChessBase"]
[SourceDate "2014.11.20"]
[SourceVersion "1"]
[SourceVersionDate "2014.11.20"]
[SourceQuality "1"]

1. e4 c5 2. Nf3 d6 3. d4 cxd4 4. Nxd4 a6 5. Nc3 g6 6. Be3 Bg7 7. Bc4 Nd7 8. 0-0 b5 9. Bd5 Rb8 10. Nc6 Qc7 11. Nxb8 Qxb8 12. Bd4 Ngf6 13. a3 0-0 14. Bb3 Nc5 15. Re1 Nxb3 16. cxb3 Be6 17. b4 d5 18. exd5 Ng4 19. g3 Bxd4 20. Qxd4 Rd8 21. Qc5 Bf5 22. Qxe7 Qb6 23. Qc5 Qb8 24. Qd4 h5 25. f3 Nf6 26. Qxf6 Qa7+ 27. Kg2 1-0

[Event "BEL-ch U20"]
[Site "Blankenberge"]
[Date "2014.04.14"]
[Round "3"]
[White "Harutyunyan, Axel"]
[Black "De Bode, Joren"]
[Result "1-0"]
[WhiteElo "1805"]
[BlackElo "1592"]
[PlyCount "67"]
[EventDate "2014.04.??"]
[EventType "swiss"]
[EventRounds "9"]
[EventCountry "BEL"]
[SourceTitle "EXT 2015"]
[Source "ChessBase"]
[SourceDate "2014.11.20"]
[SourceVersion "1"]
[SourceVersionDate "2014.11.20"]
[SourceQuality "1"]

1. e4 c5 2. Nf3 d6 3. d4 cxd4 4. Nxd4 a6 5. Nc3 g6 6. Be3 Bg7 7. Qd2 Nc6 8. f3 b5 9. Nxc6 Qc7 10. Nd4 e6 11. Be2 Ne7 12. 0-0 0-0 13. Rac1 Bb7 14. Bh6 Bxh6 15. Qxh6 Qc5 16. Qe3 e5 17. Rfd1 Nc6 18. Nf5 gxf5 19. Qxc5 dxc5 20. Rd7 Rab8 21. exf5 Nd4 22. Kf2 Nxf5 23. Bd3 Nd4 24. Re1 Rfe8 25. Ne4 c4 26. Nf6+ Kf8 27. Nxe8 cxd3 28. cxd3 Kxe8 29. Rxd4 f6 30. f4 Kf7 31. fxe5 fxe5 32. Rxe5 Kf6 33. Rc5 Rf8 34. Rf4+ 1-0

[Event "BEL-ch U20"]
[Site "Blankenberge"]
[Date "2014.04.13"]
[Round "1"]
[White "De Bode, Joren"]
[Black "Van Laeken, Jonathan"]
[Result "0-1"]
[WhiteElo "1592"]
[BlackElo "1809"]
[PlyCount "56"]
[EventDate "2014.04.??"]
[EventType "swiss"]
[EventRounds "9"]
[EventCountry "BEL"]
[SourceTitle "EXT 2015"]
[Source "ChessBase"]
[SourceDate "2014.11.20"]
[SourceVersion "1"]
[SourceVersionDate "2014.11.20"]
[SourceQuality "1"]

1. c4 g6 2. Nc3 Bg7 3. g3 Nf6 4. Bg2 c6 5. d3 d5 6. cxd5 cxd5 7. Bg5 0-0 8. Qc1 Be6 9. Nf3 Nc6 10. 0-0 Rc8 11. Bh6 d4 12. Bxg7 Kxg7 13. Ne4 Nxe4 14. dxe4 Ne5 15. Qg5 Nxf3+ 16. Bxf3 f6 17. Qd2 Bf7 18. Rfd1 e5 19. Qb4 Qd7 20. e3 d3 21. Be2 Bc4 22. Rac1 Ba6 23. Rxc8 Rxc8 24. Bxd3 Bxd3 25. Qa3 Rd8 26. Qxa7 Qc7 27. f3 Ba6 28. Rxd8 Qc1+ 0-1

[Event "BEL-ch U18/20"]
[Site "Bruges"]
[Date "2012.04.11"]
[Round "5"]
[White "De Bode, Joren"]
[Black "De Weird, Matthias"]
[Result "0-1"]
[WhiteElo "1295"]
[BlackElo "1523"]
[PlyCount "70"]
[EventDate "2012.04.08"]
[EventType "swiss"]
[EventRounds "9"]
[EventCountry "BEL"]
[SourceTitle "CBM 147 Extra"]
[Source "ChessBase"]
[SourceDate "2012.04.24"]
[SourceVersion "1"]
[SourceVersionDate "2012.04.24"]
[SourceQuality "1"]

1. e4 e5 2. Nf3 Nc6 3. Bc4 Bc5 4. Nc3 Nf6 5. 0-0 d6 6. h3 0-0 7. d3 h6 8. a3 Bd4 9. Nxd4 Nxd4 10. Be3 Ne6 11. Nd5 c6 12. Nxf6+ Qxf6 13. b4 b5 14. Bb3 Nf4 15. c4 a6 16. cxb5 axb5 17. Bxf4 Qxf4 18. g3 Qf6 19. Qh5 Kh7 20. h4 g6 21. Qe2 h5 22. f4 exf4 23. Rxf4 Qxa1+ 24. Kg2 Be6 25. Qc2 Rxa3 26. Bxe6 fxe6 27. Rxf8 Ra2 28. Rf7+ Kh6 29. Rf2 Rxc2 30. Rxc2 Qa3 31. Rxc6 Qxd3 32. Rb6 Qxe4+ 33. Kf1 Qf3+ 34. Ke1 Qe3+ 35. Kd1 Qxb6 0-1

[Event "BEL-ch U18/20"]
[Site "Bruges"]
[Date "2012.04.09"]
[Round "3"]
[White "De Bode, Joren"]
[Black "Gijsen, Michelle"]
[Result "0-1"]
[WhiteElo "1295"]
[BlackElo "1730"]
[PlyCount "78"]
[EventDate "2012.04.08"]
[EventType "swiss"]
[EventRounds "9"]
[EventCountry "BEL"]
[SourceTitle "CBM 147 Extra"]
[Source "ChessBase"]
[SourceDate "2012.04.24"]
[SourceVersion "1"]
[SourceVersionDate "2012.04.24"]
[SourceQuality "1"]

1. e4 e5 2. Nf3 Nc6 3. Bc4 Bc5 4. 0-0 Nf6 5. a3 Nxe4 6. d3 Nf6 7. b4 d5 8. Bb5 Bd6 9. Bg5 Be6 10. Qe2 0-0 11. Bxc6 bxc6 12. Nxe5 c5 13. Nc6 Qe8 14. b5 a6 15. Bxf6 gxf6 16. d4 axb5 17. Qxb5 Bd7 18. dxc5 Bxc6 19. Qb2 Qe5 20. Qxe5 Bxe5 21. c3 f5 22. f4 Bf6 23. Rf3 Be7 24. Nd2 Bxc5+ 25. Kh1 Rfe8 26. Rg3+ Kf8 27. Nf3 f6 28. Nh4 Rxa3 29. Rf1 Bb5 30. Rd1 Bf2 31. Rh3 Be2 32. Rc1 Bg4 33. Ng6+ hxg6 34. Rh7 Re1+ 35. Rxe1 Bxe1 36. h3 Bg3 37. Rh8+ Kg7 38. Ra8 Rxa8 39. hxg4 Ra1# 0-1